| 000 | 00375nam a22001217a 4500 | ||
|---|---|---|---|
| 082 | _a220 PRO | ||
| 100 |
_aINTISAR, AEMAN, MADEEHA _971418 |
||
| 245 | _aPR-SOF-1310-A SYSTEM FOR UNIFIED DIAGNOSIS AND ANALYSIS OF THALLIUM SCAN AND CT ANGIOGRAPHY | ||
| 260 |
_aISLAMABAD _bNUST COLLEGE OF EME _c2013 |
||
| 650 | _a DE-COMP-31 | ||
| 700 |
_aDR SHOAB A KHAN _918474 |
||
| 942 | _cCR | ||
| 999 |
_c577946 _d577946 |
||